00814nam a22002297a 4500999001500000001000600015003000900021005001700030008004100047020001800088040003800106082002300144100002300167245010200190250001600292260004100308300003000349504005100379650002100430942001200451952012100463 c8160d816021641BD-DhUAP20220704113640.0220704b20152021bg ||||| |||| 00| 0 eng d a9789849156307 aBD-DhUAPbEngcBD-DhUAPdBD-DhUAP 223a346.540438 HAQ aHaque, Md. Azizul. aA Commentary on the Registration Act :bLatest Amendments & Rulings Included /cMd. Azizul Haque. a2nd edition aDhaka :bUniversal Book Housec2021. axxxi, 431 pages ;b24 cm. aIncludes Bibliographical References and Index  2Registration Act 2ddccBK 00102ddc4070aUAPCLbUAPCLcGeneral Stacksd2022-07-04o346.540438 HAQp3010021641r2022-07-04t1w2022-07-04yBK